Calificación de puestos de trabajo (Record no. 72172)

MARC details
000 -LEADER
campo de control de longitud fija 00654nam a2200181 i 4500
001 - NÚMERO DE CONTROL
campo de control 72172
003 - IDENTIFICADOR DE NÚMERO DE CONTROL
campo de control ES-MaACL
005 - FECHA Y HORA DE LA ÚLTIMA TRANSACCIÓN
campo de control 20230906171338.0
007 - CAMPO FIJO DE DESCRIPCIÓN FÍSICA--INFORMACIÓN GENERAL
campo de control de longitud fija t|
008 - DATOS DE LONGITUD FIJA--INFORMACIÓN GENERAL
campo de control de longitud fija 040826s1963 sp ||||1| spa d
100 1# - ENTRADA PRINCIPAL--NOMBRE DE PERSONA
Nombre de persona Gilmour, Robert.
9 (RLIN) 57003
245 10 - MENCIÓN DEL TÍTULO
Título Calificación de puestos de trabajo
Resto del título : control de salarios /
Mención de responsabilidad, etc. Robert Gilmour ; traducción y revisión, Ramón Forn Valls ; prólogo, Carmelo Mª Cabré Rabadá.
260 ## - PUBLICACIÓN, DISTRIBUCIÓN, ETC.
Lugar de publicación, distribución, etc. [S.l. :
Nombre del editor, distribuidor, etc. s.n.,
Fecha de publicación, distribución, etc. 1963] (
Lugar de fabricación/manufactura Barcelona :
Fabricante Sagitario)
300 ## - DESCRIPCIÓN FÍSICA
Extensión 312 p. ;
Dimensiones 22 cm.
700 1# - ENTRADA AGREGADA--NOMBRE PERSONAL
Nombre de persona Forn Valls, Ramón.
9 (RLIN) 51765
700 1# - ENTRADA AGREGADA--NOMBRE PERSONAL
Nombre de persona Cabré Rabada, Carmelo María.
9 (RLIN) 33272
852 ## - LOCALIZACIÓN
Ubicación ES-MaACL
Número de control de estantería C-24822
Sublocalización o colección R.53493
Holdings
Estatus retirado Estado de pérdida Estado de daño No para préstamo Biblioteca de origen Biblioteca actual Ubicación en estantería Fecha de adquisición Fuente de adquisición Total de préstamos Signatura topográfica completa Código de barras Visto por última vez Precio de reemplazo Tipo de ítem Koha
        Biblioteca del Ateneo de Madrid Biblioteca del Ateneo de Madrid Depósito 2 17/01/2008     C-24822 1075558 23/02/2023 23/02/2023 Libro impreso